00433nam a2200169Ia 450000500170000000800410001704000190005804100120007708200220008910000250011124500310013626000340016730000100020165000230021165100190023485000100025320230404101529.0131103s9999 xx 000 0 und d aLoreto College aEnglish aTAG 891.441 bTAG aTagore, Rabindranath aBalkacRabindranath Tagore aCalcuttabViswa-Bharatic1959 a119p  aBengali Literature aBengali Poetry aLCLIB